| 000 | 00732nam a22002177a 4500 | ||
|---|---|---|---|
| 999 |
_c7522 _d7522 |
||
| 003 | OSt | ||
| 005 | 20211123161715.0 | ||
| 008 | 211123b ||||| |||| 00| 0 eng d | ||
| 020 | _a0273779737, 9780273779735 | ||
| 040 | _cDDC | ||
| 082 |
_26th ed. _a658.421 .SCA 2013 |
||
| 100 |
_aScarborough Norman M. _915392 |
||
| 245 | _a Essentials of entrepreneurship and small business management | ||
| 260 |
_aBoston: _bPearson; _c2013, |
||
| 300 |
_a xvi, 703 p. : _bill.(chiefly col.) ; _c28 cm. |
||
| 504 | _a Includes bibliographical references and index. | ||
| 650 |
_aNew business enterprises -- Management. _915393 |
||
| 650 |
_a Small business -- Management. _911427 |
||
| 650 |
_aEntrepreneuership _96831 |
||
| 942 |
_2ddc _cBOOK |
||